|
|
|
|
| LEADER |
01336nab#a2200397#ar4500 |
| 001 |
000122021 |
| 003 |
SVKKK |
| 005 |
20180226143819.0 |
| 008 |
180226d1904 xo |||||||||||||||b|ger |
| FMT |
|
|
|
| 038 |
|
|
|a SVKKK
|
| 040 |
|
|
|a SVKKK
|b slo
|e AACR2
|
| 041 |
0 |
|
|a ger
|
| 044 |
|
|
|a xo
|c SK
|
| 080 |
|
|
|a 439.22
|2 2011
|
| 080 |
|
|
|a 347.471
|2 2011
|
| 100 |
1 |
|
|a Lövy Móric (Mór)
|d 1847-1922
|4 aut
|
| 242 |
1 |
0 |
|a Rok 1903 na Spiši
|b (Pokračovanie a záver)
|
| 245 |
1 |
0 |
|a Die Zips im Jahre 1903
|b (Fortsetzung und Schluss)
|
| 520 |
3 |
|
|a Tretia časť a záver článku o udalostiach a osobnostiach, ktoré ovplyvňovali rozvoj Spišskej župy v roku 1903.
|
| 600 |
1 |
4 |
|a Darányi, Ignaz
|d 1849-1927
|x Advokát
|x minister pôdohospodárstva
|
| 600 |
1 |
4 |
|a HAJNÓCZY, R. József
|d 1854-1931
|
| 648 |
0 |
4 |
|a 1904
|
| 650 |
0 |
4 |
|a udalosti v Spišskej župe
|
| 650 |
0 |
4 |
|a priemysel v Spišskej župe
|
| 650 |
0 |
4 |
|a spolky
|
| 651 |
|
4 |
|a Spiš (Slovensko)
|
| 655 |
|
4 |
|a germaniká
|
| 655 |
|
4 |
|a hungariká
|
| 655 |
|
4 |
|a slovaciká
|
| 773 |
0 |
|
|t Szepesi Hirnök = Zipser Bote : A Szepesség érdekeit képviselő hetilap ; A szepesmegyei gazdasági egyesület közlönye ; A szepesi tanítóegyesület közlönye.
|g Roč. 42, č. 3 (16.1.1904), s 2.
|
| 974 |
|
|
|a szgv
|
| 992 |
|
|
|a RBX
|
| BAS |
|
|
|
| 852 |
|
|
|a SVKKK
|b BIB
|
| 998 |
|
|
|a RETRO
|